=LDR 00000nam 2200000 4500 =001 INLIS000000000005242 =005 20251010102257 =035 ##$$a 0010-1025000297 =007 ta =008 251010###########################0#ind## =082 ##$$a 304.6 =084 ##$$a 304.6 XIA p =100 #$$a Xiao Zili =245 1#$$a Population Situation and Family Planning Program in China /$c Badan Koordinasi Keluarga Berencana Nasional =260 ##$:$b Badan Koordinasi Keluarga Berencana Nasional =300 ##$$a 11 Hal : $b Ilus ; $c 21 =650 #4$$a Keluarga Berencana =856 ##$$a Perpustakaan Kemendukbangga